Studies in economics : (Record no. 53371)
[ view plain ]
| 000 -LEADER | |
|---|---|
| fixed length control field | 00631nam a2200217Ia 4500 |
| 005 - DATE AND TIME OF LATEST TRANSACTION | |
| control field | 20260429112310.0 |
| 008 - FIXED-LENGTH DATA ELEMENTS--GENERAL INFORMATION | |
| fixed length control field | 260429s9999||||xx |||||||||||||| ||und|| |
| 020 ## - INTERNATIONAL STANDARD BOOK NUMBER | |
| International Standard Book Number | 9788119497355 |
| 041 ## - LANGUAGE CODE | |
| Language | English |
| 082 ## - DEWEY DECIMAL CLASSIFICATION NUMBER | |
| Classification number | 330 |
| Item number | GUP |
| 100 ## - MAIN ENTRY--PERSONAL NAME | |
| Personal name | Gupta, Raghavendra |
| 245 #0 - TITLE STATEMENT | |
| Title | Studies in economics : |
| Remainder of title | useful for UGC NET/JRF/set and civil services / |
| Statement of responsibility, etc | Raghavendra Gupta |
| 260 ## - PUBLICATION, DISTRIBUTION, ETC. (IMPRINT) | |
| Place of publication, distribution, etc | Jaipur : |
| Name of publisher, distributor, etc | Paradise Publishers, |
| Date of publication, distribution, etc | 2025. |
| 300 ## - PHYSICAL DESCRIPTION | |
| Extent | 265 p.; hb |
| 650 ## - SUBJECT ADDED ENTRY--TOPICAL TERM | |
| Topical term or geographic name as entry element | Civil services |
| 650 ## - SUBJECT ADDED ENTRY--TOPICAL TERM | |
| Topical term or geographic name as entry element | Competitive examinations |
| 650 ## - SUBJECT ADDED ENTRY--TOPICAL TERM | |
| Topical term or geographic name as entry element | Economic theory |
| 650 ## - SUBJECT ADDED ENTRY--TOPICAL TERM | |
| Topical term or geographic name as entry element | UGC NET preparation |
| 650 ## - SUBJECT ADDED ENTRY--TOPICAL TERM | |
| Topical term or geographic name as entry element | Economics |
| 942 ## - ADDED ENTRY ELEMENTS (KOHA) | |
| Koha item type | Text Books |
| Withdrawn status | Lost status | Damaged status | Not for loan | Collection code | Home library | Location | Shelving location | Date of Cataloging | Source of acquisition | Total Checkouts | Full call number | Barcode | Date last seen | Price effective from | Koha item type |
|---|---|---|---|---|---|---|---|---|---|---|---|---|---|---|---|
| Non-fiction | CUTN Central Library | CUTN Central Library | Social Sciences | 29/04/2026 | Kiran Book Centre, Bengaluru - Invoice No. 301/25-26 on 11-02-2026 | 330 GUP | 56213 | 29/04/2026 | 29/04/2026 | Text Books | |||||
| Non-fiction | CUTN Central Library | CUTN Central Library | Social Sciences | 29/04/2026 | Kiran Book Centre, Bengaluru - Invoice No. 301/25-26 on 11-02-2026 | 330 GUP | 56214 | 11/05/2026 | 29/04/2026 | Text Books |
